Longman Active Study Dictionary of English

Enregistré dans:
Détails bibliographiques
Format: Livre
Langue:anglais
Publié: Essex : Longman Group UK, 1991
Sujets:
Tags: Ajouter un tag
Pas de tags, Soyez le premier à ajouter un tag!

MARC

LEADER 00000nam a22000003a 4500
001 stu38750
005 20150408180700.2
008 921124s1991----uk------------------eng-d
040 |a STU  |b slo 
041 0 |a eng 
044 |a uk 
080 |a 802.0(038) 
245 |a Longman Active Study Dictionary of English 
260 |a Essex :  |b Longman Group UK,  |c 1991 
300 |a 710 s 
650 7 |a angličtina  |2 stusub 
650 7 |a slovníky  |2 stusub 
650 7 |a slovníky anglické  |2 stusub 
996 |b 284M056011  |c M*7891-2  |l MMKN  |s A  |a 24  |w stu38750_0001 
996 |b 284M008003  |c M*7891-1  |l MMKN  |s A  |a 24  |w stu38750_0002 
996 |b 284M004359  |c M*7891-3  |l MMKN  |s A  |a 24  |w stu38750_0003 
996 |b 284M054452  |c M*7891-5  |l MMKN  |s A  |a 24  |w stu38750_0005